| 000 | 00900nam a22002297a 4500 | ||
|---|---|---|---|
| 999 |
_c17771 _d17771 |
||
| 003 | AR-CdUCM | ||
| 008 | 190509b ||||| |||| 00| 0 spa d | ||
| 040 |
_aMUNICIPALIDAD PROVINCIAL DEL CUSCO _cBIBLIOTECA MUNICIPAL DEL CUSCO |
||
| 082 |
_a818.54 / _bL85 |
||
| 100 |
_aLondon, Jack _927709 |
||
| 245 | _aLa llamada de la selva / | ||
| 260 |
_aBarcelona : _bBruguera, _c1970. |
||
| 300 |
_a221 paginas ; _c18 cm. |
||
| 500 | _aTitulo original : The call of the wild | ||
| 505 | _aContenido : La ley primitiva -- La ley del palo y del mordisco -- El predominio de la fiera ancestral -- Después de conquistada la supremacía -- Las fatigas del camino -- Por el amor de un hombre... | ||
| 650 |
_aNovelas estadounidenses _9734 |
||
| 650 |
_aSiglo XX _98 |
||
| 650 |
_aTraducciones al español _91053 |
||
| 650 |
_aNovelas de aventuras. _9735 |
||
| 942 |
_2ddc _cLIBROS |
||
| 945 |
_awnts _d2019-05-09 |
||